Normal view
MARC view
- Saudi Arabia
Entry Geographic Name
001 - CONTROL NUMBER
- control field: 12840
003 - CONTROL NUMBER IDENTIFIER
- control field: NUST
005 - DATE AND TIME OF LATEST TRANSACTION
- control field: 20190102044505.0
008 - FIXED-LENGTH DATA ELEMENTS
- fixed length control field: 190102|| aca||aabn | a|a d
040 ## - CATALOGING SOURCE
- Original cataloging agency: NUST
- Transcribing agency: NUST
151 ## - HEADING--GEOGRAPHIC NAME
- Geographic name: Saudi Arabia
- General subdivision: Foreign relations
- Geographic subdivision: Great Britain.
670 ## - SOURCE DATA FOUND
- Source citation: Work cat.: (NUST)0: Troeller, Gary. 12839, The birth of Saudi Arabia :, 1976.
